1172 1838 1429 1575 1830 1817 1714 1456 1865 1413 1111 1857 1296 1012 1540 1474 1364 1091 1130 1173 1931 1683 1884 1978 1148 1036 1082 1051 1474 1234 1813 1726 1020 1970 1484 1110 1132 1058 1933 1764 1428 1342 1694 1889 1456 1182 1832 1445 1726 1002 1557 1624 1907 1706 1719 1922 1270 1657 1656 1132 1668 1380 1222 1351 1240 1157 1466 1487 1464 1212 1662 1329 1397 1896 1532 1165 1342 1700 1371 1512 1404 1408 1450 1242 1087 1096 1589 1682 1412 1038 1606 1144 1750 1512 1895 1731 1693 1167 1034 BCNSPRNW ULIB Ver.6.0+V

เปลี่ยนเป็นภาษาไทย

Change to English
 แสดงรายละเอียดบรรณานุกรม
  กลับหน้าหลัก

Brief Record : Get Marc (ISO 2709) : E-mail record : QR code < ปิดหน้าต่าง
LEADER : 00000nam 2200000uu 4500
001    13399108668
003     ULIB
008    110311s2552||||th 000 0 tha d
020    9786110300735
060 04 QZ200^bธ348ม 2552
100 0  ธรรมปราโมทย์
245 10 มะเร็งไม่น่ากลัวอย่างที่คิด /^cรวบรวมเรียบเรียงธรรมปราโมทย์
250    พิมพ์ครั้งที่ 2
260    กรุงเทพฯ :^bธรรมสภา สถาบันบันลือธรรม,^c2552
300    281 หน้า :^bภาพประกอบสี ;^c22 ซม.
500    ชื่อเรื่องจากปกนอก
650  7 มะเร็ง
650  7 มะเร็ง^xการรักษา
650  7 มะเร็ง^xผู้ป่วย^xการดูแล
710 2  สถาบันบันลือธรรม
945    ^p180^l0^i026383
945    ^p180^l0^i026382
995    ทศพร
999 ^a ใช้งานได้ทุกระบบ
รายการนี้ยังไม่มีแท็ก
คุณยังไม่ได้ล็อกอิน คุณสามารถมีกิจกรรมร่วมกับเว็บไซต์ได้ แต่ต้องล็อกอินก่อน ::
  ล็อกอิน

รายการสื่อสารสนเทศ

ลำดับที่ ประเภท เลขเรียก/บาร์โค้ด สถานที่ สถานะ
- ไม่พบข้อมูล -

รายการใกล้เคียง
    ผู้แต่ง [ธรรมปราโมทย์]

    หัวเรื่อง [มะเร็ง]
    หัวเรื่อง [มะเร็ง การรักษา]
    หัวเรื่อง [มะเร็ง ผู้ป่วย การดูแล]

BibComment


ยังไม่เคยถูกคอมเมนท์

คอมเมนท์ทรัพยากรรายการนี้
  คอมเมนท์: มะเร็งไม่น่ากลัวอ..


 Copyright 2026. Bcnsprnw @Library